Etika reklamy. Etika žurnalistiky
Gespeichert in:
| 1. Verfasser: | |
|---|---|
| Weitere Verfasser: | |
| Format: | Buch |
| Sprache: | Slowakisch |
| Veröffentlicht: |
Bratislava
SOSPRA
1999
|
| Schlagworte: | |
| Tags: |
Keine Tags, Fügen Sie das erste Tag hinzu!
|
MARC
| LEADER | 00000nam a2200000 4500 | ||
|---|---|---|---|
| 001 | c115312 | ||
| 005 | 20221123132737.5 | ||
| 020 | |a 80-967916-1-3 | ||
| 041 | 0 | |a slo | |
| 044 | |a SK | ||
| 245 | 1 | 0 | |a Etika reklamy. Etika žurnalistiky |c Pavel Horňák, Luboš Šefčák |
| 264 | 1 | |a Bratislava |b SOSPRA |c 1999 | |
| 300 | |a 218 s. | ||
| 610 | 2 | 0 | |a etika |
| 610 | 2 | 0 | |a etika podnikateľská |
| 610 | 2 | 0 | |a etika podniková |
| 610 | 2 | 0 | |a reklama |
| 610 | 2 | 0 | |a žurnalistika |
| 610 | 2 | 0 | |a novinárstvo |
| 610 | 2 | 0 | |a predaj |
| 610 | 2 | 0 | |a komunikácia |
| 610 | 2 | 0 | |a informácie |
| 610 | 2 | 0 | |a inzercia |
| 610 | 2 | 0 | |a ochrana osobnosti |
| 100 | 1 | |a Horňák, Pavel | |
| 700 | 1 | |a Šefčák, Luboš | |